Ratan Lal & Dhiraj Lal : The Code of Criminal Procedure 23rd Ed. (Record no. 18849)

MARC details
000 -LEADER
fixed length control field 00459nam a2200169Ia 4500
008 - FIXED-LENGTH DATA ELEMENTS--GENERAL INFORMATION
fixed length control field 221030s9999 xx 000 0 und d
020 ## - INTERNATIONAL STANDARD BOOK NUMBER
ISBN 9789388548854
041 ## - LANGUAGE CODE
Language code of text/sound track or separate title
100 ## - MAIN ENTRY--AUTHOR NAME
Personal name K. Kanan
245 #0 - TITLE STATEMENT
Title Ratan Lal & Dhiraj Lal : The Code of Criminal Procedure 23rd Ed.
Statement of responsibility, etc by K. Kanan, A. Prakash
250 ## - EDITION STATEMENT
Edition statement 23rd
260 ## - PUBLICATION, DISTRIBUTION, ETC. (IMPRINT)
Name of publisher Lexis Nexis
Place of publication Gurgaon
Year of publication 2022
300 ## - PHYSICAL DESCRIPTION
Number of Pages 1129
650 ## - SUBJECT ADDED ENTRY--TOPICAL TERM
Topical Term Criminal Procedure
700 ## - ADDED ENTRY--PERSONAL NAME
Personal name A. Prakash
942 ## - ADDED ENTRY ELEMENTS (KOHA)
Koha item type Books
Holdings
Accession Number Cost, normal purchase price Bill Date Source of acquisition Price effective from Koha item type Withdrawn / writtenoff status Materials specified (bound volume or other part) Damaged status Not for loan Permanent Location Current Location Shelving location Date acquired Lost/ Missing status department
LLB 81 995.00 14 RKB 10/30/2022 Books   Print     MIET Library, Jammu MIET Library, Jammu BL-, FL-, CUP-177, SH-4, R-4 04/29/2022   BBA LLB
LLB 82 995.00 14 RKB 10/30/2022 Books   Print     MIET Library, Jammu MIET Library, Jammu BL-, FL-, CUP-177, SH-44, R-0 04/29/2022   BBA LLB
LLB 77 995.00 14 RKB 10/30/2022 Books   Print   Not For Loan MIET Library, Jammu MIET Library, Jammu BL-, FL-, CUP-180, SH-4, R-4 04/29/2022   BBA LLB
LLB 78 995.00 14 RKB 10/30/2022 Books   Print     MIET Library, Jammu MIET Library, Jammu BL-, FL-, CUP-177, SH-4, R-4 04/29/2022   BBA LLB
LLB 79 995.00 14 RKB 10/30/2022 Books   Print     MIET Library, Jammu MIET Library, Jammu BL-, FL-, CUP-177, SH-4, R-4 04/29/2022   BBA LLB
LLB 80 995.00 14 RKB 10/30/2022 Books   Print     MIET Library, Jammu MIET Library, Jammu BL-, FL-, CUP-177, SH-4, R-4 04/29/2022   BBA LLB